Biggest City in Time Zones on a Map - Statistics

General Stats
  • This quiz has been taken 371 times
  • The average score is 25 of 31
Answers on the Map
Answers color-coded by a green-red scale on the quiz's map according to % correct below.
 
Answer Stats
Time Population Answer % Correct
GMT 14,700,000 London
99%
GMT -5:00 21,900,000 New York City
99%
GMT -8:00 17,800,000 Los Angeles
98%
GMT -6:00 22,800,000 Mexico City
98%
GMT +3:00 17,200,000 Moscow
98%
GMT +2:00 20,500,000 Cairo
97%
GMT +10:00 5,200,000 Sydney
97%
GMT +9:00 40,200,000 Tokyo
97%
GMT +5:30 29,400,000 Delhi
94%
GMT +4:00 4,900,000 Dubai
94%
GMT -3:00 22,200,000 São Paulo
94%
GMT +7:00 27,400,000 Jakarta
93%
GMT -4:00 7,200,000 Santiago
92%
GMT +3:30 15,000,000 Tehran
92%
GMT -10:00 1,000,000 Honolulu
90%
GMT +1:00 18,800,000 Lagos
90%
GMT +12:00 1,490,000 Auckland
88%
GMT +4:30 4,150,000 Kabul
87%
GMT -7:00 4,575,000 Phoenix
87%
GMT -9:00 251,000 Anchorage
84%
GMT +6:00 19,500,000 Dhaka
84%
GMT +5:00 17,300,000 Karachi
81%
GMT +9:30 1,340,000 Adelaide
80%
GMT +5:45 3,025,000 Kathmandu
80%
GMT +8:00 45,600,000 Guangzhou
79%
GMT +6:30 5,500,000 Yangon
68%
GMT -1:00 159,000 Praia, Cape Verde
59%
GMT -3:30 178,000 St. John's
56%
GMT +13:00 36,700 Apia, Samoa
49%
GMT +11:00 199,000 Yuzhno-Sakhalinsk
23%
GMT -11:00 11,500 Pago Pago, American Samoa
22%
No matching quizzes found
Score Distribution
Percent of People with Each Score
Percentile by Number Answered
Your Score History
You have not taken this quiz